BIBLIOTECA

SENCICO

Apuntes de Fotogrametría (Registro nro. 553)

Detalles MARC
000 -LEADER
fixed length control field 00581nam a2200229Ia 4500
005 - DATE AND TIME OF LATEST TRANSACTION
control field 20251020182441.0
008 - FIXED-LENGTH DATA ELEMENTS--GENERAL INFORMATION
fixed length control field 200515s9999 xx 000 0 und d
020 ## - INTERNATIONAL STANDARD BOOK NUMBER
International Standard Book Number 84-95301-31-8
082 ## - DEWEY DECIMAL CLASSIFICATION NUMBER
Classification number 528.77/S21
100 ## - MAIN ENTRY--PERSONAL NAME
Personal name Santamaría Peña, Jacinto
100 ## - MAIN ENTRY--PERSONAL NAME
Personal name Sanz Méndez, Teófilo
245 #0 - TITLE STATEMENT
Title Apuntes de Fotogrametría
260 ## - PUBLICATION, DISTRIBUTION, ETC.
Place of publication, distribution, etc. Logroño
260 ## - PUBLICATION, DISTRIBUTION, ETC.
Name of publisher, distributor, etc. UNIVERSIDAD DE LA RIOJA. Servicio de Publicaciones
260 ## - PUBLICATION, DISTRIBUTION, ETC.
Date of publication, distribution, etc. 2000
300 ## - PHYSICAL DESCRIPTION
Extent 68 p.
300 ## - PHYSICAL DESCRIPTION
Other physical details il., tbl., graf.
500 ## - GENERAL NOTE
General note 1 ejemplar
650 ## - SUBJECT ADDED ENTRY--TOPICAL TERM
Topical term or geographic name entry element FOTOGRAMETRIA
942 ## - ADDED ENTRY ELEMENTS (KOHA)
Koha item type Libros
Existencias
Fecha de la última vez que lo usaron Pago total Signatura topográfica completa Código de barras Precio efectivo desde Tipo de documento Estado perdido Estado dañado No es para préstamo Retirado Ubicación permanente Ubicación actual Fecha de adquisición
15/05/2020   528.77/S21 Bib-Lima15050553 15/05/2020 Libros         Biblioteca Central Lima Biblioteca Central Lima 15/05/2020